LEADER 00884nam0-22002771i-450- 001 990006341160403321 005 19980601 035 $a000634116 035 $aFED01000634116 035 $a(Aleph)000634116FED01 035 $a000634116 100 $a19980601d1961----km-y0itay50------ba 105 $a--------00-yy 200 1 $a<>Stellung der Kommunen in der Versorgungswirtschaft$eein Beitrag zum Wirthschafts-verfassungsrecht$fJohannes Depenbrock. 210 $aMunchen,Berlin$cC.H. Beck'sche Verlagsbuchhandlung ,$d1961 215 $aVIII,, 88 p.$d24 cm 676 $a342.07 700 1$aDepenbrock,$bJohannes$0238648 801 0$aIT$bUNINA$gRICA$2UNIMARC 901 $aBK 912 $a990006341160403321 952 $aUNIV. 142 (2)$b73704$fFGBC 959 $aFGBC 996 $aStellung der Kommunen in der Versorgungswirtschaft$9657511 997 $aUNINA DB $aGIU01 LEADER 01100nam--2200373---450- 001 990001670690203316 005 20090506170508.0 035 $a000167069 035 $aUSA01000167069 035 $a(ALEPH)000167069USA01 035 $a000167069 100 $a20040517d1980----km-y0itay0103----ba 101 $ager 102 $aDE 105 $a||||||||001yy 200 1 $a<> gruppe 47$eEin kritischer Grundrib$eGottinger Seminar "Gruppe 47"$fLudwig Arnold Heinz 210 $aMunchen$cEdition Text Kritik$d1980 215 $a298 p.$d23 cm 225 2 $aText + Kritik Sonderband$v298 410 0$12001$aText + Kritik Sonderband$v298 454 1$12001 461 1$1001-------$12001 606 0 $aGruppe 47 676 $a838.9 702 1$aHEINZ,$bLudwig Arnold 801 0$aIT$bsalbc$gISBD 912 $a990001670690203316 951 $aVII.2.A. 1082 (II T C Coll. 44/298)$b19796 L.M.$cII T$d00191315 959 $aBK 969 $aUMA 979 $aSIAV2$b10$c20040517$lUSA01$h1714 979 $aRSIAV1$b90$c20090506$lUSA01$h1705 996 $aGruppe 47$9173480 997 $aUNISA